00309nam a22001097a 4500008004100000100002100041245003600062260001600098300003300114650003600147700001600183201003b ||||| |||| 00| 0 eng d aSukumaran, C.V.  aWhy the virus devastates China  aMainstream  a58(9), 15 Feb,2020: p. 21-22 aCoronavirus , Epidemic, China  aMainstream